Tablice rejestracyjne miast/powiatów woj.pomorskie - Statystyki

Ogólne statystyki
  • Ten quiz został rozwiązany 1 224 razy
  • Średni wynik to 19 z 20
Statystyki odpowiedzi
Miasto / powiat Rejestracja % Poprawnych
Gdańsk GD
100%
Słupsk GS
97%
powiat gdański GDA
96%
powiat chojnicki GCH
95%
powiat bytowski GBY
94%
powiat kartuski GKA
94%
powiat starogardzki GST
94%
powiat człuchowski GCZ
93%
powiat kwidzyński GKW
93%
powiat lęborski GLE
93%
powiat pucki GPU
93%
powiat słupski GSL
93%
powiat tczewski GTC
93%
powiat wejherowski GWO / GWE
93%
Gdynia GA
92%
powiat kościerski GKS
92%
powiat sztumski GSZ
92%
powiat malborski GMB
90%
powiat nowodworski GND
89%
Sopot GSP
88%
Nie znaleziono quizów pasujących do podanych kryteriów
Rozkład punktacji
Procent ludzi z każdym wynikiem
Percentyl według liczby udzielonych odpowiedzi
Twoja historia wyników
Nie rozwiązałeś tego quizu